000 00815nam a2200253Ia 4500
003 OSt
005 20221005113153.0
006 a|||||r|||| 00| 0
007 ta
008 221004b |||||||| |||| 00| 0 pan d
020 _a8175991399 (hbk)
_c175
024 _a11366
037 _b814, 13/03/2014, H.K. Prakashan
_cTextual
040 _aCRL
_cCRL
_bpan
041 _2pan
_apan
082 _aO153,3N34,DK, P3
100 _aਸਿੰਘ, ਦਰFਨ
245 0 _aਦੇਸ ਕੁਦੇਸ
260 _aਨਵੀ੍ਵ
_bਦਿੱਲੀ ਨਵਯੁਗ ਭਾਰਤ
_c2003
300 _a252ਪੰ
_ccm.
650 _aਪੰਜਾਬੀ ਸਾਹਿਤ
942 _hO153,3N34,DK, P3
_cTEXL
_2cc
999 _c1027279
_d1027279